Pollution of lakes and rivers : (Record no. 332223)

000 -LEADER
fixed length control field 01403cam a22003737a 4500
001 - CONTROL NUMBER
control field 13361762
003 - CONTROL NUMBER IDENTIFIER
control field NUST
005 - DATE AND TIME OF LATEST TRANSACTION
control field 20171120121907.0
008 - FIXED-LENGTH DATA ELEMENTS--GENERAL INFORMATION
fixed length control field 031003s2002 enkabc b 001 0 eng d
010 ## - LIBRARY OF CONGRESS CONTROL NUMBER
LC control number 2003278365
015 ## - NATIONAL BIBLIOGRAPHY NUMBER
National bibliography number GB99-X0852
020 ## - INTERNATIONAL STANDARD BOOK NUMBER
International Standard Book Number 0340741465
020 ## - INTERNATIONAL STANDARD BOOK NUMBER
International Standard Book Number 0340691670 (pbk.)
035 ## - SYSTEM CONTROL NUMBER
System control number (DLC)13361762
040 ## - CATALOGING SOURCE
Original cataloging agency *UKM*
Transcribing agency *UKM*
Modifying agency MiYEM
-- CU
-- CStRLIN
-- DLC
042 ## - AUTHENTICATION CODE
Authentication code lccopycat
050 00 - LIBRARY OF CONGRESS CALL NUMBER
Classification number TD420
Item number .S63 2002
082 00 - DEWEY DECIMAL CLASSIFICATION NUMBER
Classification number 628.5 SMO
Edition number 22
100 1# - MAIN ENTRY--PERSONAL NAME
Personal name Smol, J. P.
Fuller form of name (John P.)
9 (RLIN) 6559
245 10 - TITLE STATEMENT
Title Pollution of lakes and rivers :
Remainder of title a paleoenvironmental perspective /
Statement of responsibility, etc. John P. Smol.
260 ## - PUBLICATION, DISTRIBUTION, ETC.
Place of publication, distribution, etc. London :
Name of publisher, distributor, etc. Arnold ;
Place of publication, distribution, etc. New York :
Name of publisher, distributor, etc. Oxford University Press,
Date of publication, distribution, etc. 2002.
300 ## - PHYSICAL DESCRIPTION
Extent xxiv, 280 p. :
Other physical details ill., maps, 1 port. ;
Dimensions 26 cm.
440 #0 - SERIES STATEMENT/ADDED ENTRY--TITLE
Title Key issues in environmental change
9 (RLIN) 6560
500 ## - GENERAL NOTE
General note P.B
504 ## - BIBLIOGRAPHY, ETC. NOTE
Bibliography, etc. note Includes bibliographical references (p. [252]-269) and index.
650 #0 - SUBJECT ADDED ENTRY--TOPICAL TERM
Topical term or geographic name entry element Water
General subdivision Pollution.
9 (RLIN) 2539
650 #0 - SUBJECT ADDED ENTRY--TOPICAL TERM
Topical term or geographic name entry element Lakes.
9 (RLIN) 6561
650 #0 - SUBJECT ADDED ENTRY--TOPICAL TERM
Topical term or geographic name entry element Rivers.
9 (RLIN) 2163
650 #0 - SUBJECT ADDED ENTRY--TOPICAL TERM
Topical term or geographic name entry element Paleolimnology.
9 (RLIN) 6562
650 #0 - SUBJECT ADDED ENTRY--TOPICAL TERM
Topical term or geographic name entry element Sediments (Geology)
9 (RLIN) 6563
856 42 - ELECTRONIC LOCATION AND ACCESS
Materials specified Publisher description
Uniform Resource Identifier <a href="http://www.loc.gov/catdir/enhancements/fy0615/2003278365-d.html">http://www.loc.gov/catdir/enhancements/fy0615/2003278365-d.html</a>
906 ## - LOCAL DATA ELEMENT F, LDF (RLIN)
a 7
b cbc
c copycat
d 2
e ncip
f 20
g y-gencatlg
942 ## - ADDED ENTRY ELEMENTS (KOHA)
Source of classification or shelving scheme
Koha item type Book
Call number prefix IESE
Holdings
Withdrawn status Lost status Source of classification or shelving scheme Damaged status Not for loan Collection code Permanent Location Current Location Shelving location Date acquired Total Checkouts Full call number Barcode Date last seen Price effective from Koha item type
            Central Library (CL) Central Library (CL) General Stacks 11/20/2017   628.5 SMO IESE-778 11/20/2017 11/20/2017 Book
            Institute of Environmental Science and Engineering (IESE) Institute of Environmental Science and Engineering (IESE) General Stacks 11/20/2017   628.5 SMO IESE-890 11/20/2017 11/20/2017 Book
© 2023 Central Library, National University of Sciences and Technology. All Rights Reserved.